02283 a2200217 45000010006000000050017000060080041000230030015000640400040000790800053001192450058001720200022002302640096002523000019003485051510003670410008018771000031018857000021019167000029019378560099019664723220260407155740.0260407a2018 arg spa dAR-UNSa-BCEJYS aAR-UNSa-BCEJYSbspacAR-UNSa-BCEJYS a336.02xPolítica financiera. Política fiscal10aEstudios sobre financierización en América Latina a978-92-1-121981-4 1aSantiago de Chile :bCEPAL (Comisión Económica para América Latina y el Caribe)c2018 a355 p.c22 cm. a1. Financierización en América Latina: implicancias de la integración financiera subordinada / Annina Kaltenbrunner; Juan Pablo Painceira - 2. ¿Existe un régimen de acumulación financierizado en América Latina? Un Análisis desde la escuela de la regulación / Egidio Luis Miotti - 3. Efectos de la financierización en el cambio tecnológico en América Latina / Pablo Ignacio Chena; María Emilia Buccella; Carolina Bosnic - 4. Impacto de la política de flexibilización cuantitativa en la liquidez mundial y la estabilidad financiera / Esteban Pérez Caldentey - 5. Las finanzas, el comercio y la distribución del ingreso en las cadenas globales de valor: implicancias para las economías en desarrollo y América Latina / Carlos Aguiar de Medeiros; Nicholas Trebat - 6. Patrones financieros y de inversión en América Latina desde la perspectiva del comportamiento empresarial / Edgardo Torija Zane; Ricardo Gottschalk - 7. El papel de la financierización en la dinámica de los precios de los productos básicos / Jorge Carrera - 8. La inversión extranjera directa en América Latina: algunas implicancias macrofinancieras / Martín Abeles; Facundo Grimberg; Sebastián Valdecantos - 9. Flujos de capital y endeudamiento externo: algunas reflexiones para América Latina / Pablo G. Bortz - 10. Regulación de la cuenta de capital en una mundo financieramente complejo: la experiencia reciente en América Latina / Diego Bastourre; Nicolás Hernán Zeolla.  aspa1 aPérez Caldentey, Esteban1 aAbeles, Martín1 aValdecantos, Sebastián41uhttps://www.biblioeco.unsa.edu.ar/pmb/images/libros/L127440.jpgyImagen de portadaqimage/jpeg